| 000 | 005600000a22001810004500 | ||
|---|---|---|---|
| 003 | MACL | ||
| 005 | 20160525125627.0 | ||
| 008 | 160525b xxu||||| |||| 00| 0 eng d | ||
| 040 |
_aMACL _cMACL |
||
| 041 | _aHindi | ||
| 082 | _a891.433 SAH | ||
| 100 |
_aसाहनी, भीष्म _945323 |
||
| 245 |
_aमुआवजे _cभीष्म साहनी |
||
| 260 |
_bराधाकृष्ण प्रकाशन _c1993 _aनई दिल्ली |
||
| 350 | _a60 | ||
| 650 |
_aDrama _959392 |
||
| 942 |
_cHIN _k891.432/SAH/D _2ddc |
||
| 999 |
_c21010 _d21010 |
||